Trpaslíci Krátke súťažné filmy na 41. MFF Berlín

Bibliographic Details
Main Author: Ščepka, Miloš, 1963- (Author)
Format: Article
Language:Slovak
Subjects:

MARC

LEADER 00000nab a2200000 a 4500
001 vtls000410006
003 SK-MaSNL
005 20260303213535.0
008 150501c1991 xo 0 slo
015 |a SNBRB19rr/mm-uuuuu 
035 |a CL0410130 
040 |a SNKBUCL  |b slo  |c SNKBUCL  |e AACR2 
041 0 |a slo 
044 |a xo  |c SK 
080 |a 791.43.091.4  |2 1981 
100 1 |a Ščepka, Miloš,  |d 1963-  |4 aut  |9 237244 
245 1 0 |a Trpaslíci  |b Krátke súťažné filmy na 41. MFF Berlín  |c Miloš Ščepka 
650 0 7 |a Berlinale 1991 (festival filmový)  |2 snkbucl  |9 153264 
650 0 7 |a film krátkometrážny  |2 snkbucl  |9 901549 
655 7 |a články z novín a časopisov  |2 snkbucl  |9 267496 
773 0 |t Smena  |g Roč. 44, č. 61 (13. 3. 1991), s. 5 
850 |a Slovenská národná knižnica v Martine  |a MTA001 
852 |a SNK  |b KIS3GCP 
958 |a RK 
958 |a DE 
992 |a RBX 
999 |c 2212607  |d 2214537